000 00513nam a22001937a 4500
005 20140129110851.0
010 _aENG-109169
020 _a9788171772735
_c695.00
035 _aEN-92656
037 _bDBAD/PUB
100 _aKader, S.A.
245 _aThe Hindu Succession Act, 1956 /
_cby S.A. Kader
250 _a2nd ed
260 _aKolkata
_bEastern Law House
_c2014
270 _a54 Ganesh Chunder Avenue
_bKolkata
_e700013
300 _a538p.
_c22cm(Hb)
500 _aIncludes index
942 _2ddc
_cEN
_mKAD
999 _c81999
_d81999